000 00539nam a2200193Ia 4500
005 20250923145405.0
008 008 250917s9999 xx 000 0 eng d
037 _aTextual
040 _aDSWL
_beng
_cDSWL
041 _aeng
_2eng
084 _az2, N67
_qDSWL
245 0 _aReading in Indian history politics and philosophy
_c Ed.by K.S. Murty
260 _aBombay
_bAllied Pubs.
_c1967
300 _a392 p.
365 _aINR
_b45 . 0
925 _g45 . 0
942 _cTEXL
_hz2, N67
999 _c1450784
_d1450784